| Tag |
First Indicator |
Second Indicator |
Subfields |
| LEADER |
00000nam a2200000Mi 4500 |
| 001 |
in00005484841 |
| 006 |
m o d |
| 007 |
cr |n|---uuuuu |
| 008 |
231030s1954 xx o 000 0 eng d |
| 005 |
20240917171247.6 |
| 035 |
|
|
|a (OCoLC)on1406772236
|
| 040 |
|
|
|a UKAMD
|b eng
|e rda
|c UKAMD
|d OCLCO
|
| 035 |
|
|
|a (OCoLC)1406772236
|
| 049 |
|
|
|a TXAM
|
| 245 |
0 |
0 |
|a Broomhall :
|b Y. T. Wu's report to Conference in Peking.
|
| 264 |
|
1 |
|a [Place of publication not identified :
|b publisher not identified,
|c 1954]
|
| 300 |
|
|
|a 1 online resource.
|
| 336 |
|
|
|a text
|b txt
|2 rdacontent
|
| 337 |
|
|
|a computer
|b c
|2 rdamedia
|
| 338 |
|
|
|a online resource
|b cr
|2 rdacarrier
|
| 490 |
1 |
|
|a AM Scholar: Area Studies China and Southeast Asia.
|
| 534 |
|
|
|p Reproduction of:
|t BROOMHALL: Y. T. Wu's report to Conference in Peking
|c Jul 1954.
|
| 535 |
1 |
|
|a School of Oriental and African Studies
|
| 542 |
|
|
|f School of Oriental and African Studies
|
| 588 |
0 |
|
|a Description based on publisher metadata (viewed October 30, 2023).
|
| 651 |
|
7 |
|a China
|z Beijing
|2 fast
|
| 655 |
|
7 |
|a Electronic books.
|2 local
|
| 710 |
2 |
|
|a Adam Matthew Digital (Firm),
|e digitiser.
|
| 710 |
2 |
|
|a University of London.
|b School of Oriental and African Studies,
|e owner.
|
| 830 |
|
0 |
|a AM Scholar: Area Studies China and Southeast Asia.
|
| 856 |
4 |
0 |
|u http://proxy.library.tamu.edu/login?url=https://www.amscholar.amdigital.co.uk/Documents/Details/CIM_Part5_Reel98_Vol8
|z Connect to the full text of this electronic book
|t 0
|
| 955 |
|
|
|a Adam Matthew Scholar: Area Studies China and Southeast Asia
|
| 994 |
|
|
|a 92
|b TXA
|
| 999 |
f |
f |
|s 69564aa9-2c90-4b1e-8b81-6dfb465bb7a1
|i 2708a7f3-471e-479c-8774-96cba5b7ec4d
|t 0
|
| 952 |
f |
f |
|a Texas A&M University
|b College Station
|c Electronic Resources
|d Available Online
|t 0
|h Library of Congress classification
|
| 998 |
f |
f |
|t 0
|l Available Online
|